ბათუმის შოთა რუსთაველის სახელმწიფო უნივერსიტეტის ბიბლიოთეკა

მეთოდური მითითებები მშენებლობის სახართაღრიცხვო ღირებულების გაანგარიშებაში / (ბიბ.ჩანაწერი № 39230)

000 -ლიდერი
ფიქსირებული სიგრძის საკონტროლო ველი 01207nam a2200229Ia 4500
001 - საკონტროლო ნომერი
საკონტროლო ველი 5816
003 - საკონტროლო ნომრის იდენტიფიკატორი
საკონტროლო ველი GE_BSU
005 - ბოლო ოპერაციის თარიღი და დრო
საკონტროლო ველი 20190604144809.0
008 - ფიქსირებული სიგრძის მონაცემთა ელემენტები - ზოგადი ინფორმაცია
ფიქსირებული სიგრძის საკონტროლო ველი 181216s1980||||ge |||||||||||||| ||geo||
040 ## - კატალოგიზაციის წყარო
Transcribing agency GE_BSU
041 ## - ენის კოდი
Language code of text/sound track or separate title geo
080 ## - უნივერსალური ათობითი კლასიფიკაციის ინდექსი
Universal Decimal Classification number 692(076) მ-50
245 ## - ცნობა სათაურის შესახებ
Title მეთოდური მითითებები მშენებლობის სახართაღრიცხვო ღირებულების გაანგარიშებაში /
Statement of responsibility, etc შემდგ. : შ. სირაძე, ა. სანიკიძე და სხვ. ; რედ. ე. გიორგაძე.
264 ## - წარმოების, გამოცემის, დისტრიბუციის და სხვა ცნობები
გამოცემის, წარმოების, დისტრიბუციის... ადგილი თბილისი :
გამოცემის, წარმოების, დისტრიბუციის... სახელწოდება სპი,
გამოცემის, წარმოების, დისტრიბუციის... თარიღი 1980.
300 ## - ფიზიკური აღწერა
Extent 68 გვ. ;
Dimensions 20 სმ.
504 ## - BIBLIOGRAPHY, ETC. NOTE
Bibliography, etc ბიბლიოგრ. : გვ.67.
653 ## - INDEX TERM--UNCONTROLLED
Uncontrolled term მშენებლობის სახართაღრიცხვო ღირებულების გაანგარიშება.
700 ## - ADDED ENTRY--PERSONAL NAME
Personal name შ. სირაძე
Relator term შემდგენელი
9 (RLIN) 2039
700 ## - ADDED ENTRY--PERSONAL NAME
Personal name ა. სანიკიძე
Relator term შემდგენელი
9 (RLIN) 2040
700 ## - ADDED ENTRY--PERSONAL NAME
Personal name ე. გიორგაძე
Relator term რედაქტორი
9 (RLIN) 2041
942 ## - ADDED ENTRY ELEMENTS (KOHA)
Koha item type წიგნი
Source of classification or shelving scheme
ეგზემპლარები
ჩამოწერის სტატუსი დაკარგული ეგზემპლარის სტატუსი კლასიფიკაციის წყარო ან თაროზე გაწყობის სქემა დაზიანების სტატუსი არ გაიცემა მუდმივი მდებარეობა (დაცვის ადგილი) ამჟამინდელი ადგილსამყოფელი თაროზე განთავსების ადგილი შეძენის თარიღი ღირებულება, შესყიდვის ნორმალური ფასი სრული შენახვის შიფრი შტრიხკოდი ბოლო ოპერაციის თარიღი ეგზემპლარის მიმდევრობითი ნომერი (კეტერი?) ფასის ძალაში შესვლის თარიღი ეგზემპლარის სახეობა საჯარო შენიშვნა
          ტექნოლოგიური ფაკულტეტის ბიბლიოთეკა ტექნოლოგიური ფაკულტეტის ბიბლიოთეკა წიგნსაცავი 2018-12-17 0.60 692(076) მ-50 12089 2018-12-17 12089 2018-12-17 წიგნი 0.60 ლ.
          ტექნოლოგიური ფაკულტეტის ბიბლიოთეკა ტექნოლოგიური ფაკულტეტის ბიბლიოთეკა წიგნსაცავი 2018-12-17 0.60 692(076) მ-50 12090 2018-12-17 12090 2018-12-17 წიგნი 0.60 ლ.
          ტექნოლოგიური ფაკულტეტის ბიბლიოთეკა ტექნოლოგიური ფაკულტეტის ბიბლიოთეკა წიგნსაცავი 2018-12-17 0.60 692(076) მ-50 12091 2018-12-17 12091 2018-12-17 წიგნი 0.60 ლ.